Free branding : grow your brand & business organically.
| Main Author: | |
|---|---|
| Format: | Book |
| Published: |
Kuala Lumpur:
Free Branding Plt,
2014.
|
| Subjects: |
| LEADER | 00481cam a2200157 7i4500 | ||
|---|---|---|---|
| 001 | 0000032366 | ||
| 005 | 20150427090000.0 | ||
| 020 | 0 | 0 | |a 9789671295502 |
| 090 | 0 | 0 | |a B 658.827 |b KER (LRM) |
| 100 | 1 | 0 | |a Kerk, Roger SL |
| 245 | 1 | 0 | |a Free branding : |b grow your brand & business organically. |
| 260 | 0 | 0 | |a Kuala Lumpur: |b Free Branding Plt, |c 2014. |
| 300 | # | # | |a 163 pages. |
| 650 | 0 | 0 | |a Product management |
| 650 | 0 | 0 | |a Branding (Marketing) |
| 999 | |a 0000035963 |b Book |c Book |e Business Information Centre | ||


